| 000 | 01421nam a2200337 i 4500 | ||
|---|---|---|---|
| 003 | CO-BoRNBP | ||
| 005 | 20230403223327.0 | ||
| 007 | ta | ||
| 008 | 221116s2022 ck ac der ||| 00| 0dspa d | ||
| 020 | _a9789585050372 | ||
| 040 |
_aCO-BoRNBP _bspa _erda _cCO-BoRNBP |
||
| 041 | 0 | _aspa | |
| 043 | _as-ck--- | ||
| 082 |
_a925.2 _bA71m _222 |
||
| 100 | 1 |
_aAragón Novoa, Marcela _d1982- _eautora _9861 |
|
| 245 | 1 | 0 |
_aMujer es ciencia _c20 pioneras colombianas y latinoamericanas / Marcela Aragón Novoa, Santiago Vargas Domínguez ; ilustraciones Carolina Garzón Blanco |
| 250 | _aEdición especial | ||
| 264 | 1 |
_aBogotá, Colombia _bEditorial Universidad Nacional de Colombia _c2022 |
|
| 300 |
_a97 páginas _bilustraciones a color _c27 cm |
||
| 336 |
_atexto _btxt _2rdacontent |
||
| 337 |
_asin mediación _bn _2rdamedia |
||
| 338 |
_avolumen _bnc _2rdacarrier |
||
| 490 | 0 | _aPlan Nacional de Lectura y Escritura Leer es mi Cuento / Ministerio de Cultura | |
| 521 | _aRecomendado para un público mayor de 9 años | ||
| 650 | 1 | 7 |
_aMujeres en la ciencia _xLiteratura infantil _xBiografías _2LEMB _9862 |
| 650 | 1 | 7 |
_aCientíficas colombianas _xLiteratura infantil _xBiografías _2LEMB _9863 |
| 650 | 1 | 7 |
_aCientíficas latinoamericanas _xLiteratura infantil _xBiografías _2LEMB _9864 |
| 700 |
_aVargas Domínguez, Santiago _d1977- _9865 |
||
| 700 |
_aGarzón Blanco, Carolina _eilustradora _9866 |
||
| 942 |
_2ddc _cBK |
||
| 999 |
_c9320 _d9320 |
||